10 most populated cities - Statistics

General Stats
  • This quiz has been taken 22 times
  • The average score is 6 of 10
Answer Stats
Answer % Correct
Tokyo
95%
Beijing
81%
Shanghai
81%
Delhi
71%
Mumbai
62%
Dhaka
57%
Mexico City
57%
Osaka
52%
São Paulo
52%
Manila
38%
No matching quizzes found
Score Distribution
Percent of People with Each Score
Percentile by Number Answered
Your Score History
You have not taken this quiz